| 000 | 00844nam a2200253Ia 4500 | ||
|---|---|---|---|
| 003 | OSt | ||
| 005 | 20221005113016.0 | ||
| 006 | a|||||r|||| 00| 0 | ||
| 007 | ta | ||
| 008 | 221004b |||||||| |||| 00| 0 pan d | ||
| 020 |
_a9788123768380 (pbk) _c70 |
||
| 024 | _a15653 | ||
| 037 |
_b832, 15/03/2014, H.K. Prakashan _cTextual |
||
| 040 |
_aCRL _cCRL _bpan |
||
| 041 |
_2pan _apan |
||
| 082 | _aO152,3N04x, 153Q3 | ||
| 100 | _aਵਰਮਾ, Fਿਵ | ||
| 245 | 0 | _aਮੌਤ ਦੇ ਇੰਤਗ਼ਾਮ ਵਿੱਚ | |
| 260 |
_aਦਿੱਲੀ _bਨੈFਨਲ ਬੁਕ ਨਰੱਸਟ ਭਾਰਤ _c2013 |
||
| 300 |
_a98ਪੰ _ccm. |
||
| 650 | _aਹਿੰਦੀ ਸਾਹਿਤ | ||
| 942 |
_hO152,3N04x, 153Q3 _cTEXL _2cc |
||
| 999 |
_c1026735 _d1026735 |
||